| 000 | 00927 a2200241 4500 | ||
|---|---|---|---|
| 003 | Nust | ||
| 005 | 20170207154021.0 | ||
| 010 | _a 2002156243 | ||
| 020 | _a159140102X (hard cover) | ||
| 020 | _a1591401100 (ebook) | ||
| 040 | _cNust | ||
| 082 | 0 | 0 | _a371.334 |
| 245 | 0 | 0 |
_aWeb-based education (E-BOOK) _blearning from experience / _c[edited by] Anil Aggarwal. |
| 260 |
_aHershey, PA : _bInformation Science Pub., _cc2003. |
||
| 300 |
_axv, 469 p. : _bill. ; _c26 cm. |
||
| 505 | _aPart I. WBE: An Overview, Current and Future Part II. WBE: Enhancing Technologies Part III. WBE: Design Issues Part IV. WBE: Diffusion Across Disciplines and Communities Part V. WBE: Diffusion Across Boundaries (Case Studies) | ||
| 650 | 0 |
_aEducation _xComputer network resources. |
|
| 650 | 0 | _aExperiential learning. | |
| 650 | 0 | _aInternet in education. | |
| 650 | 0 | _aWorld Wide Web. | |
| 651 | _aE-BOOK | ||
| 700 | 1 |
_aAggarwal, Anil, _d1949- |
|
| 942 |
_2ddc _cBK |
||
| 999 |
_c191684 _d191684 |
||